A funny man / by Patricia Jensen ; illustrated by Wayne Becker.
A funny man with a funny smile, funny car, and funny crocodile likes to do things just a little bit differently. Includes activity pages.
Record details
- ISBN: 9780590461931
- ISBN: 0590461931
- Physical Description: 1 volume (unpaged) : color illustrations ; 23 cm.
- Publisher: New York : Scholastic, ©1993.
Content descriptions
| General Note: | Cartwheel Books. "With flash cards." |
| Target Audience Note: | "Preschool-grades 1 Ages 3-6"--Cover. Lexile: 240. |
Search for related items by subject
| Subject: | Individuality > Juvenile fiction. |
Search for related items by series
| LDR | 01425nam a2200397 a 4500 | ||
|---|---|---|---|
| 001 | 152305 | ||
| 003 | CONS | ||
| 005 | 20190816083251.0 | ||
| 008 | 921026s1993 nyua j 000 1 eng | ||
| 010 | . | ‡a 92036007 | |
| 020 | . | ‡a9780590461931 ‡q(paperback) | |
| 020 | . | ‡a0590461931 ‡q(paperback) | |
| 035 | . | ‡a(CPomAG)LMN613885 | |
| 042 | . | ‡alcac | |
| 050 | 0 | 0. | ‡aPZ8.3.J424 ‡bFu 1993 |
| 050 | 1 | 4. | ‡aJE |
| 082 | 0 | 4. | ‡a[E] ‡220 |
| 100 | 1 | . | ‡aJensen, Patricia. |
| 245 | 1 | 2. | ‡aA funny man / ‡cby Patricia Jensen ; illustrated by Wayne Becker. |
| 260 | . | ‡aNew York : ‡bScholastic, ‡c©1993. | |
| 300 | . | ‡a1 volume (unpaged) : ‡bcolor illustrations ; ‡c23 cm. | |
| 336 | . | ‡atext ‡btxt ‡2rdacontent | |
| 337 | . | ‡aunmediated ‡bn ‡2rdamedia | |
| 338 | . | ‡avolume ‡bnc ‡2rdacarrier | |
| 490 | 1 | . | ‡aMy first hello reader! |
| 500 | . | ‡aCartwheel Books. | |
| 500 | . | ‡a"With flash cards." | |
| 520 | . | ‡aA funny man with a funny smile, funny car, and funny crocodile likes to do things just a little bit differently. Includes activity pages. | |
| 521 | . | ‡a"Preschool-grades 1 Ages 3-6"--Cover. | |
| 521 | 8 | . | ‡aLexile: 240. |
| 650 | 0. | ‡aIndividuality ‡vJuvenile fiction. | |
| 700 | 1 | . | ‡aBecker, Wayne, ‡eillustrator. |
| 830 | 0. | ‡aMy first hello reader. | |
| 914 | . | ‡aSCP_LP | |
| 959 | . | ‡i32269001131765 ‡lBR Jen ‡aJuvenile - Beginning Reader ‡tPaperback ‡g15.00 | |
| 852 | . | ‡p32269001131765 ‡jBR Jen ‡gJuvenile - Beginning Reader ‡cPaperback ‡y15.00 ‡bSBPL | |
| 901 | . | ‡a152305 ‡bUnknown ‡c152305 ‡tbiblio | |